The training function identification and implementation (Record no. 499968)

000 -LEADER
fixed length control field 00348cam a22001097a 4500
008 - FIXED-LENGTH DATA ELEMENTS--GENERAL INFORMATION
fixed length control field 180718b1970 xxu||||| |||| 00| 0 eng d
082 ## - DEWEY DECIMAL CLASSIFICATION NUMBER
Classification number K5x54 In2tr
100 ## - MAIN ENTRY--PERSONAL NAME
Personal name Saxena, A.P.
245 ## - TITLE STATEMENT
Title The training function identification and implementation
Statement of responsibility, etc. by A.P. Saxena
260 ## - PUBLICATION, DISTRIBUTION, ETC.
Place of publication, distribution, etc. Delhi
Name of publisher, distributor, etc. Training Division, Ministry of Home Affairs
Date of publication, distribution, etc. 1970
300 ## - PHYSICAL DESCRIPTION
Extent 27p.
Holdings
Withdrawn status Lost status Damaged status Not for loan Permanent Location Current Location Date acquired Full call number Barcode Date last seen Price effective from Koha item type
        Indian Institute of Public Administration Indian Institute of Public Administration 2018-08-04 K5x54 In2tr GG17504 2018-08-04 2018-08-04 GG
        Indian Institute of Public Administration Indian Institute of Public Administration 2018-08-04 K5x54 In2tr GG11006 2018-08-04 2018-08-04 GG

Powered by Koha